[Event "Lleida-ch B"]
[Site "La Guardia"]
[Date "2015.11.29"]
[Round "9.10"]
[White "Montagut Gonzalez, Joan"]
[Black "Vano Perez, Jose"]
[Result "1-0"]
[WhiteElo "1809"]
[BlackElo "1815"]
[PlyCount "128"]
[EventDate "2015.09.27"]
[EventType "swiss"]
[EventRounds "9"]
[EventCountry "ESP"]
[SourceTitle "EXT 2024"]
[Source "ChessBase"]
[SourceDate "2023.10.10"]
[SourceVersion "1"]
[SourceVersionDate "2023.10.10"]
[SourceQuality "1"]

1. d4 f5 2. Bf4 Nf6 3. e3 g6 4. Nf3 Bg7 5. Bc4 d5 6. Be2 Nbd7 7. 0-0 Nh5 8. Bg3 Nxg3 9. hxg3 e6 10. Nbd2 Qe7 11. c4 c6 12. cxd5 exd5 13. Rb1 h6 14. Nh4 Qf6 15. Nxg6 Rh7 16. Bh5 Kd8 17. Nf4 Nf8 18. Qa4 Qd6 19. Qa5+ b6 20. Qa4 Bf6 21. Rfc1 Rc7 22. b4 b5 23. Qb3 Bb7 24. Rc3 Ne6 25. Nxe6+ Qxe6 26. Rbc1 Kd7 27. Qb1 Rg8 28. Nb3 Kc8 29. Nc5 Qd6 30. Qxf5+ Kb8 31. Qe6 Rd8 32. Qxd6 Rxd6 33. Nd3 Bg7 34. Nf4 Re7 35. Bf3 a6 36. Nd3 Ka7 37. Nc5 Ba8 38. Ra1 Kb6 39. a4 Ra7 40. Rca3 Bb7 41. Bg4 Kc7 42. axb5 cxb5 43. Ne6+ Rxe6 44. Bxe6 Bf8 45. Rb3 Be7 46. Rc1+ Kd8 47. f4 a5 48. bxa5 Rxa5 49. f5 b4 50. f6 Bf8 51. Rf1 Ra3 52. Rxa3 bxa3 53. Ra1 Kc7 54. Kf1 Bc6 55. Ke2 Bb5+ 56. Kf3 Bc4 57. Kf4 a2 58. Ke5 Bd6+ 59. Kf5 Bd3+ 60. Kg4 Bb1 61. e4 dxe4 62. Bxa2 Bd3 63. f7 e3 64. Kf3 Kd7 1-0

[Event "Lleida-ch B"]
[Site "La Guardia"]
[Date "2015.10.11"]
[Round "3.6"]
[White "Cosialls Ris, Ramon"]
[Black "Montagut Gonzalez, Joan"]
[Result "1-0"]
[WhiteElo "1974"]
[BlackElo "1809"]
[PlyCount "65"]
[EventDate "2015.09.27"]
[EventType "swiss"]
[EventRounds "9"]
[EventCountry "ESP"]
[SourceTitle "EXT 2024"]
[Source "ChessBase"]
[SourceDate "2023.10.10"]
[SourceVersion "1"]
[SourceVersionDate "2023.10.10"]
[SourceQuality "1"]

1. e4 e6 2. d4 d5 3. Nc3 Nf6 4. e5 Nfd7 5. f4 c5 6. Nf3 Nc6 7. Be3 a6 8. Bd3 b5 9. b3 Qb6 10. Be2 cxd4 11. Bxd4 Nxd4 12. Nxd4 Bc5 13. Nf3 Bb7 14. Bd3 Bb4 15. Ke2 Bxc3 16. Rb1 Bb4 17. h4 Rc8 18. g4 h6 19. h5 Bc5 20. Qe1 Be3 21. Qg3 Nf8 22. g5 hxg5 23. Nxg5 d4 24. Ne4 g6 25. hxg6 Rxh1 26. gxf7+ Ke7 27. Rxh1 Bxe4 28. Bxe4 Qa5 29. Qg5+ Kd7 30. Rd1 Qxa2 31. Qg3 Rxc2+ 32. Bxc2 Qxc2+ 33. Ke1 1-0